000 00766nam a2200265Ia 4500
003 OSt
005 20221006142617.0
006 a|||||r|||| 00| 0
007 ta
008 221006b |||||||| |||| 00| 0 eng d
020 _c
_4.00
024 _a6,748
037 _cTextual
040 _aEASL
_cEASL
_beng
041 _2eng
_aeng
082 _aY15-5:6.41.N7, L3
100 _aYOUNG Marilyn B Ed.
_934605
245 0 _aWomen in China
_b Studies in social change and feminism
260 _aAnn Arbor
_bUnivesity of Michigan Press
_c1973
300 _a262p.
_ccm.
490 _v CEL
_aMichigan Papers in Chinese Studies, No. 15
650 _aCEL
942 _hY15-5:6.41.N7, L3
_cTEXL
_2CC
999 _c1074834
_d1074834